Регионална библиотека "Любен Каравелов" - Русе

Датски разкази (Запис номер 183118)

MARC детайли
000 -Лидер
Контролно поле с фиксирана дължина 01306nam a2200301 c 4500
003 - Код на организацията, давaща контролен номер
Контролно поле BLK
005 - Дата и час на последна редакция
Контролно поле 20180422115250.0
008 - Елементи от данни с фиксирана дължина
fixed length control field 180411b bul|||||r ||||||| ||bul||
010 ## - Наследен системен номер
LC control number KNG00192044000
040 ## - Източник на каталожния запис
Идентификатор на билиотеката - собственик на записа BLK
041 ## - Код за език
Код за езика на текст/звукозапис или на отделно заглавие Български
Код за езика КДБФ Български
080 ## - УДК
Текстов определител УДК Други германски литератури
УДК код - определител по УДК 821.112/.113
УДК определител -32
УДК - код + определител 821.112/.113-32
139 ## - Редно поле
Редна дума Датски разкази
Авторски знак Дас - Д 24
245 10 - Сведения за заглавието
Заглавие Датски разкази
Подзаглавни данни Сборник
Редно поле (дума) състав. и послесл. Хеле Далгор; прев. от дат. Лиляна Димитрова.
257 ## - Страна на издаване
Страна на създаване/издаване България
260 ## - Област на издателските данни
-- София
Име на издателя, разпространителя и проч. Нар. култура
Година на издаване 1988
Печатница Варна : Ст. Добрев-Странджата
300 ## - Физическа характеристика
Страници 279 с.
Размери/Мащаб 21 см
380 ## - Жанр
Жанр Худож. лит.
490 1# - СЕРИИ (Колекции)
Име на серия Разкази от цял свят
500 ## - Общи забележки
Забележка Без тир. - Съдържа и За някои тенденции в датската проза / Хеле Далгор ; Прев. Стефан Начев
700 1# - Други автори (авторска отговорност)
Лично име Далгор, Хеле
Автороска отговорност (Описва отношението между автора и произведението) състав. и послесл.
9 (RLIN) 58092
700 1# - Други автори (авторска отговорност)
Лично име Димитрова, Лиляна
Автороска отговорност (Описва отношението между автора и произведението) прев. от дат.
9 (RLIN) 367291
852 ## - Местоположение
Форматна сигнатура Цб 152653
856 4# - Електронен адрес и достъп
Електронен формат pdf - файл
Път до файла /url/
856 4# - Електронен адрес и достъп
Електронен формат pdf - файл
Път до файла /url/
942 ## - АРТИКУЛИ
Вид на библиотечния материал Книги
Скрит в OPAC Не
944 ## - СЪЗДАВАНЕ И РЕДАКЦИЯ на ЗАПИСА
Създаване/Редакция Създаване
Дата на регистрацията/редакция 08.10.2016
Служител, извършил регистрацията/редакцията Любка_Николова
944 ## - СЪЗДАВАНЕ И РЕДАКЦИЯ на ЗАПИСА
Създаване/Редакция Редакция
Дата на регистрацията/редакция 08.10.2016
Служител, извършил регистрацията/редакцията Любка_Николова
999 ## - СИСТЕМНИ КОНТРОЛНИ НОМЕРА
Koha biblionumber 183118
Koha biblioitemnumber 183118
Наличности
Код за отписване Код за изгубен артикул Източник на класификационната схема Код за повреда Коз за рестрикции Код за отдаване Артикулен № Име на библиотеката - собственик Име на библиотеката, в която се намира в момента Статус (Текущо местоположение) Дата на вписване в системата Местоположение - отдел Цена в лева Инвентарен номер Систематично азбучна сигнатура Баркод Номер на екземпляра Цена в евро Служебна бележка Служебен тип на артикула Бележка за публиката
  Не е изгубен Universal Decimal Classification Не е повреден без рестрикции ползва се в читалня 315404 Регионална библиотека "Любен Каравелов" Русе Регионална библиотека "Любен Каравелов" Русе Хранилище 1988-01-01 Хранилище 2.32 493533 Цб 152653 120000493533 1 1.19 Вид: Сф N: стар фонд Дата: 01.01.1988 Книги  
Изтеглен Не е изгубен   Не е повреден без рестрикции заемане за дома 315405 Регионална библиотека "Любен Каравелов" Русе Регионална библиотека "Любен Каравелов" Русе   1988-01-01 Заемна - подръчен фонд 2.32 501539 П/839-32/Д 24 501539 2 1.19 Вид: Сф N: стар фонд Дата: 01.01.1988 Книги Отч.N: 6/2018 , Дата: 22.01.2018
  Не е изгубен Universal Decimal Classification Не е повреден без рестрикции заемане за дома 315406 Регионална библиотека "Любен Каравелов" Русе Регионална библиотека "Любен Каравелов" Русе Заемна - подръчен фонд 1988-01-01 Заемна - подръчен фонд 2.32 501541 821-32/Д 24 120000501541 3 1.19 Вид: Сф N: стар фонд Дата: 01.01.1988 Дата инв: 12.02.2018 Бележки инв: П2018 Книги  
Vip Innovations Ltd, Rousse, Bulgaria 2025